[Event "Charlotte Super Swiss"]
[Site "Charlotte USA"]
[Date "2023.07.10"]
[Round "3"]
[White "Vettese, Nicholas"]
[Black "Mitkov, Nikola"]
[Result "1-0"]
[WhiteElo "2272"]
[BlackElo "2447"]
[PlyCount "115"]
[GameId "2129404707628167"]
[EventDate "2023.07.09"]
[EventType "swiss"]
[EventRounds "9"]
[EventCountry "USA"]
[SourceTitle "10 Days #729"]
[Source "ChessMix"]
[SourceDate "2023.07.20"]
[SourceVersion "1"]
[SourceVersionDate "2023.07.20"]
[SourceQuality "1"]
[TimeControl "5400+30"]

1. e4 {[%emt 0:00:03]} e5 {[%emt 0:03:44]} 2. Nf3 {[%emt 0:00:07]} Nc6 {[%emt 0:00:02]} 3. d4 {[%emt 0:00:06]} exd4 {[%emt 0:00:06]} 4. Nxd4 {[%emt 0:00:05]} Bc5 {[%emt 0:00:43]} 5. Nb3 {[%emt 0:00:07]} Bb6 {[%emt 0:00:06]} 6. Qe2 {[%emt 0:00:05]} Nge7 {[%emt 0:04:41]} 7. Nc3 {[%emt 0:00:19]} O-O {[%emt 0:00:06]} 8. Be3 {[%emt 0:00:05]} f5 {[%emt 0:00:03]} 9. O-O-O {[%emt 0:00:12]} f4 {[%emt 0:00:18]} 10. Bxb6 {[%emt 0:00:07]} axb6 {[%emt 0:00:03]} 11. Qd2 {[%emt 0:00:17]} d6 {[%emt 0:02:30]} 12. a3 {[%emt 0:03:53]} Ne5 {[%emt 0:17:17]} 13. f3 {[%emt 0:04:28]} Kh8 {[%emt 0:04:56]} 14. Nd4 {[%emt 0:09:38]} N7g6 {[%emt 0:02:36]} 15. Be2 {[%emt 0:10:17]} c6 {[%emt 0:07:40]} 16. Nf5 {[%emt 0:11:43]} Bxf5 {[%emt 0:21:33]} 17. exf5 {[%emt 0:00:06]} Rxf5 {[%emt 0:00:05]} 18. Qxd6 {[%emt 0:00:07]} Qxd6 {[%emt 0:01:25]} 19. Rxd6 {[%emt 0:00:06]} Nh4 {[%emt 0:01:07]} 20. Na4 {[%emt 0:06:36]} b5 {[%emt 0:06:25]} 21. Nc5 {[%emt 0:00:39]} Nxg2 {[%emt 0:15:12]} 22. Nxb7 {[%emt 0:01:24]} Rff8 {[%emt 0:03:53]} 23. Re6 {[%emt 0:03:57]} Rfe8 {[%emt 0:00:55]} 24. Rxe8+ {[%emt 0:00:40]} Rxe8 {[%emt 0:00:02]} 25. b3 {[%emt 0:04:27]} Nh4 {[%emt 0:02:28]} 26. Rf1 {[%emt 0:06:14]} g5 {[%emt 0:01:14]} 27. Nc5 {[%emt 0:09:42]} Kg7 {[%emt 0:02:10]} 28. Kb2 {[%emt 0:02:40]} Ra8 {[%emt 0:01:30]} 29. Nd3 {[%emt 0:04:24]} Nd7 {[%emt 0:01:23]} 30. Ra1 {[%emt 0:00:26]} Nb6 {[%emt 0:00:25]} 31. Nb4 {[%emt 0:01:27]} Re8 {[%emt 0:00:37]} 32. Bd3 {[%emt 0:00:39]} c5 {[%emt 0:00:28]} 33. Bxb5 {[%emt 0:00:06]} Rc8 {[%emt 0:00:23]} 34. Nc6 {[%emt 0:00:44]} Nxf3 {[%emt 0:00:06]} 35. h3 {[%emt 0:01:44]} Kf6 {[%emt 0:00:33]} 36. a4 {[%emt 0:00:13]} Nd5 {[%emt 0:00:44]} 37. a5 {[%emt 0:00:30]} Nc7 {[%emt 0:00:35]} 38. Be2 {[%emt 0:03:59]} Nh4 {[%emt 0:00:07]} 39. Bg4 {[%emt 0:01:29]} Ra8 {[%emt 0:00:22]} 40. c3 {[%emt 0:00:13]} Ra6 {[%emt 0:00:50]} 41. Nb8 {[%emt 0:00:04]} Rd6 {[%emt 0:00:37]} 42. a6 {[%emt 0:00:57]} Kg6 {[%emt 0:00:43]} 43. a7 {[%emt 0:00:18]} h5 {[%emt 0:00:14]} 44. Bd7 {[%emt 0:06:38]} f3 {[%emt 0:00:37]} 45. Bc6 {[%emt 0:03:01]} Rd2+ {[%emt 0:00:27]} 46. Ka3 {[%emt 0:00:29]} Rd8 {[%emt 0:00:47]} 47. b4 {[%emt 0:00:19]} cxb4+ {[%emt 0:00:26]} 48. cxb4 {[%emt 0:00:05]} f2 {[%emt 0:00:35]} 49. b5 {[%emt 0:03:43]} Rd3+ {[%emt 0:00:06]} 50. Kb4 {[%emt 0:00:05]} Rd4+ {[%emt 0:00:44]} 51. Ka5 {[%emt 0:00:07]} Rd2 {[%emt 0:00:05]} 52. Kb6 {[%emt 0:00:50]} Ra2 {[%emt 0:00:22]} 53. Rf1 {[%emt 0:00:50]} Nxb5 {[%emt 0:01:18]} 54. Bxb5 {[%emt 0:00:19]} g4 {[%emt 0:00:27]} 55. hxg4 {[%emt 0:00:39]} hxg4 {[%emt 0:00:03]} 56. Na6 {[%emt 0:01:27]} g3 {[%emt 0:00:07]} 57. a8=Q {[%emt 0:01:21]} g2 {[%emt 0:00:03]} 58. Qe4+ {[%emt 0:00:30]} 1-0

[Event "Charlotte Super Swiss"]
[Site "Charlotte USA"]
[Date "2023.07.11"]
[Round "4"]
[White "Zapata, Alonso"]
[Black "Vettese, Nicholas"]
[Result "1-0"]
[WhiteElo "2321"]
[BlackElo "2272"]
[PlyCount "69"]
[GameId "2129404707628192"]
[EventDate "2023.07.09"]
[EventType "swiss"]
[EventRounds "9"]
[EventCountry "USA"]
[SourceTitle "10 Days #729"]
[Source "ChessMix"]
[SourceDate "2023.07.20"]
[SourceVersion "1"]
[SourceVersionDate "2023.07.20"]
[SourceQuality "1"]
[TimeControl "5400+30"]

1. e4 {[%emt 0:00:42]} c5 {[%emt 0:00:14]} 2. Nf3 {[%emt 0:00:04]} d6 {[%emt 0:00:11]} 3. d4 {[%emt 0:00:13]} cxd4 {[%emt 0:00:07]} 4. Nxd4 {[%emt 0:00:04]} Nf6 {[%emt 0:00:08]} 5. Nc3 {[%emt 0:00:12]} a6 {[%emt 0:00:07]} 6. Bc4 {[%emt 0:01:39]} e6 {[%emt 0:01:09]} 7. O-O {[%emt 0:00:07]} Qc7 {[%emt 0:01:35]} 8. Bb3 {[%emt 0:00:21]} Nc6 {[%emt 0:01:31]} 9. Nxc6 {[%emt 0:03:23]} bxc6 {[%emt 0:01:31]} 10. f4 {[%emt 0:01:05]} d5 {[%emt 0:15:31]} 11. e5 {[%emt 0:00:08]} Nd7 {[%emt 0:00:15]} 12. Na4 {[%emt 0:00:24]} a5 {[%emt 0:08:46]} 13. Be3 {[%emt 0:03:57]} c5 {[%emt 0:05:39]} 14. c4 {[%emt 0:01:24]} d4 {[%emt 0:00:05]} 15. Bd2 {[%emt 0:03:03]} g6 {[%emt 0:10:20]} 16. Bc2 {[%emt 0:04:26]} Bb7 {[%emt 0:00:05]} 17. b3 {[%emt 0:02:38]} Bg7 {[%emt 0:04:19]} 18. Qg4 {[%emt 0:03:27]} h5 {[%emt 0:06:45]} 19. Qh3 {[%emt 0:01:12]} Bh6 {[%emt 0:07:07]} 20. Rae1 {[%emt 0:03:20]} O-O-O {[%emt 0:02:09]} 21. Be4 {[%emt 0:04:30]} Bxe4 {[%emt 0:00:05]} 22. Rxe4 {[%emt 0:00:10]} Rdg8 {[%emt 0:00:06]} 23. Qh4 {[%emt 0:01:40]} Qc6 {[%emt 0:04:07]} 24. Qe1 {[%emt 0:03:57]} g5 {[%emt 0:02:14]} 25. f5 {[%emt 0:08:34]} g4 {[%emt 0:00:05]} 26. fxe6 {[%emt 0:01:11]} fxe6 {[%emt 0:01:53]} 27. Bxh6 {[%emt 0:03:24]} Rxh6 {[%emt 0:00:05]} 28. Rf7 {[%emt 0:00:47]} Qc7 {[%emt 0:03:12]} 29. Ref4 {[%emt 0:01:12]} d3 {[%emt 0:01:29]} 30. Rxd7 {[%emt 0:00:37]} Kxd7 {[%emt 0:00:20]} 31. Rf7+ {[%emt 0:00:17]} Kc8 {[%emt 0:00:05]} 32. Rxc7+ {[%emt 0:00:13]} Kxc7 {[%emt 0:00:05]} 33. Qxa5+ {[%emt 0:00:09]} Kb8 {[%emt 0:00:36]} 34. Qb6+ {[%emt 0:00:39]} Ka8 {[%emt 0:00:06]} 35. Qc7 {[%emt 0:00:39]} 1-0

[Event "Chicago op"]
[Site "Wheeling USA"]
[Date "2023.05.28"]
[Round "6"]
[White "Vettese, Nicholas"]
[Black "Aadit, Bhatia"]
[Result "1-0"]
[WhiteElo "2283"]
[BlackElo "1926"]
[PlyCount "70"]
[GameId "2130307559950311"]
[EventDate "2023.05.25"]
[EventType "swiss"]
[EventRounds "9"]
[EventCountry "USA"]
[SourceTitle "10 Days #725"]
[Source "ChessMix"]
[SourceDate "2023.06.10"]
[SourceVersion "1"]
[SourceVersionDate "2023.06.10"]
[SourceQuality "1"]

1. e4 c6 2. d4 d5 3. e5 c5 4. dxc5 Nc6 5. Nf3 Bg4 6. Bb5 e6 7. b4 a5 8. c3 Qc7 9. Bf4 Nge7 10. Nbd2 h6 11. h4 Nf5 12. Qb3 Be7 13. h5 O-O 14. Nh2 Nh4 15. O-O Bxh5 16. Bxc6 Qxc6 17. g3 Ng6 18. Be3 Nxe5 19. Bd4 Nd7 20. Rfe1 Qc7 21. a3 Bg6 22. c4 e5 23. cxd5 axb4 24. axb4 exd4 25. Rxa8 Rxa8 26. Rxe7 Ra1+ 27. Kg2 d3 28. Qc3 Ra2 29. Nhf3 Qc8 30. Qc4 Rc2 31. Qg4 Qa8 32. Qxd7 Qa2 33. Re8+ Kh7 34. Ng5+ hxg5 35. Qh3+ Bh5 1-0

[Event "Chicago op"]
[Site "Wheeling USA"]
[Date "2023.05.28"]
[Round "7"]
[White "Vettese, Nicholas"]
[Black "Shlyakhtenko, Robert"]
[Result "0-1"]
[WhiteElo "2283"]
[BlackElo "2427"]
[PlyCount "114"]
[GameId "2130307559950329"]
[EventDate "2023.05.25"]
[EventType "swiss"]
[EventRounds "9"]
[EventCountry "USA"]
[SourceTitle "10 Days #725"]
[Source "ChessMix"]
[SourceDate "2023.06.10"]
[SourceVersion "1"]
[SourceVersionDate "2023.06.10"]
[SourceQuality "1"]

1. e4 c5 2. Nf3 e6 3. d4 cxd4 4. Nxd4 a6 5. Bd3 Bc5 6. Nb3 Ba7 7. Qe2 Ne7 8. Nc3 O-O 9. Be3 b5 10. Bxa7 Rxa7 11. Qe3 Rc7 12. O-O-O b4 13. Na4 d6 14. Qb6 Nec6 15. f4 e5 16. f5 Nd7 17. Qe3 Nf6 18. Nb6 a5 19. Bb5 Na7 20. Ba4 Bb7 21. Nd5 Bxd5 22. exd5 Qc8 23. Kb1 Qa6 24. Qd3 Qb6 25. g4 Nxg4 26. Rhg1 Nf6 27. Qg3 g6 28. Qg5 Kg7 29. Rd3 Nc8 30. Rh3 Ne7 31. Nd2 Neg8 32. Bc6 Qd4 33. Rh4 h6 34. Rxd4 hxg5 35. Rc4 g4 36. fxg6 fxg6 37. Nb3 Ra7 38. a3 bxa3 39. bxa3 Ne7 40. Rd1 Rc8 41. Ra4 Nxc6 42. dxc6 Rxc6 43. Rxa5 Rac7 44. Rd2 Ne4 45. Rg2 Rc4 46. Ra8 d5 47. Kb2 Nc3 48. Rb8 Nd1+ 49. Kb1 Ne3 50. Re2 d4 51. Re8 Rxc2 52. Rxc2 Rxc2 53. Rxe5 Rxh2 54. Nxd4 Nc4 55. Re2 g3 56. Kc2 Rf2 57. Kd1 g2 0-1

[Event "Seattle USA, Pan-Am Intercollegiate 202"]
[Site "Seattle USA"]
[Date "2023.01.06"]
[Round "3"]
[White "Vettese, Nicholas"]
[Black "Budisavljevic, Luka"]
[Result "0-1"]
[WhiteElo "2320"]
[BlackElo "2502"]
[PlyCount "154"]
[GameId "2130307565071191"]
[EventDate "2023.01.05"]
[EventType "swiss"]
[EventRounds "6"]
[EventCountry "USA"]
[SourceTitle "10 Days #710"]
[Source "ChessMix "]
[SourceDate "2023.01.10"]
[SourceVersion "1"]
[SourceVersionDate "2023.01.10"]
[SourceQuality "1"]
[WhiteTeam "UTORONTO-A"]
[BlackTeam "UMIZZOU-B"]

1. e4 c5 2. Nf3 e6 3. d4 cxd4 4. Nxd4 a6 5. Nc3 Qc7 6. Qf3 Nf6 7. g4 Bb4 8. Nde2 h5 9. gxh5 Nxh5 10. a3 Be7 11. Ng3 Nf6 12. Bg5 Nc6 13. h4 b5 14. Qe3 Ng4 15. Qe2 Bxg5 16. hxg5 Rxh1 17. Nxh1 Qf4 18. Qd2 Qf3 19. Ng3 Nce5 20. Bh3 Qxg3 21. fxg3 Nf3+ 22. Kd1 Nxd2 23. Bxg4 Nc4 24. Be2 Ne5 25. b4 Bb7 26. a4 bxa4 27. Nxa4 d6 28. c3 Ke7 29. Nb6 Rh8 30. Kd2 Rh2 31. b5 Bxe4 32. Ke3 axb5 33. Bxb5 Bd5 34. c4 Bc6 35. Ra7+ Kd8 36. Bxc6 Nxc6 37. Rd7+ Ke8 38. Rxd6 Ne5 39. Kd4 Nf3+ 40. Kc5 Nxg5 41. Kc6 Ke7 42. c5 Rc2 43. Rd7+ Kf6 44. Kb5 Ne4 45. Nc4 Nc3+ 46. Kb4 Nd5+ 47. Kb5 Nc3+ 48. Kb4 Nd5+ 49. Kb5 Ne7 50. g4 g5 51. Nd6 Rb2+ 52. Kc4 Nc6 53. Rxf7+ Ke5 54. Rg7 Rb4+ 55. Kc3 Rxg4 56. Nc4+ Ke4 57. Nd2+ Kd5 58. Nf3 Rc4+ 59. Kd3 g4 60. Rg5+ e5 61. Nd2 Nb4+ 62. Ke2 Rf4 63. Nf1 Nc2 64. Nh2 Nd4+ 65. Kd3 Nf3 66. Rh5 Nxh2 67. Rxh2 Kxc5 68. Rh8 Kd5 69. Rd8+ Ke6 70. Re8+ Kf5 71. Rf8+ Kg5 72. Re8 g3 73. Ke3 Kg4 74. Ke2 g2 75. Rg8+ Kh3 76. Rh8+ Kg3 77. Rg8+ Rg4 0-1

[Event "Seattle USA, Pan-Am Intercollegiate 202"]
[Site "Seattle USA"]
[Date "2023.01.07"]
[Round "4"]
[White "Wang, Tianqi"]
[Black "Vettese, Nicholas"]
[Result "1-0"]
[WhiteElo "2398"]
[BlackElo "2320"]
[PlyCount "77"]
[GameId "2130307565071212"]
[EventDate "2023.01.05"]
[EventType "swiss"]
[EventRounds "6"]
[EventCountry "USA"]
[SourceTitle "10 Days #710"]
[Source "ChessMix "]
[SourceDate "2023.01.10"]
[SourceVersion "1"]
[SourceVersionDate "2023.01.10"]
[SourceQuality "1"]
[WhiteTeam "UTRGV-B"]
[BlackTeam "UTORONTO-A"]

1. d4 Nf6 2. c4 e6 3. Nd2 c5 4. dxc5 Bxc5 5. e3 Nc6 6. a3 a5 7. Ngf3 O-O 8. Be2 e5 9. Qc2 Qe7 10. Ng5 Ba7 11. h4 g6 12. h5 d5 13. hxg6 hxg6 14. cxd5 Nxd5 15. Nde4 Rd8 16. Bc4 Bf5 17. Qb3 a4 18. Qa2 Bxe4 19. Nxe4 Nb6 20. Bxf7+ Kg7 21. Qe6 Qxe6 22. Bxe6 Re8 23. Ba2 Rh8 24. Rxh8 Rxh8 25. Ke2 Rh1 26. Rb1 Na5 27. Bd2 Rxb1 28. Bxb1 Nac4 29. Bc1 Na5 30. Bc2 Kf7 31. Nc5 Nd5 32. Nxa4 Kf6 33. Bd2 Nc4 34. Bb3 b5 35. Nc3 Nc7 36. Ne4+ Ke6 37. Ba5 Nd5 38. Bxc4 bxc4 39. Nd2 1-0

[Event "New York Fall GM-B"]
[Site "New York USA"]
[Date "2022.11.09"]
[Round "1.1"]
[White "Vettese, Nicholas"]
[Black "Yudasin, Leonid"]
[Result "1-0"]
[WhiteElo "2310"]
[BlackElo "2401"]
[PlyCount "48"]
[GameId "2130307567907681"]
[EventDate "2022.11.09"]
[EventType "tourn"]
[EventRounds "9"]
[EventCountry "USA"]
[EventCategory "6"]
[SourceTitle "10 Days #705"]
[Source "ChessMix"]
[SourceDate "2022.11.20"]
[SourceVersion "1"]
[SourceVersionDate "2022.11.20"]
[SourceQuality "1"]

1. e4 c5 2. Nf3 d6 3. d4 cxd4 4. Nxd4 Nf6 5. Nc3 a6 6. Nb3 e6 7. g4 b5 8. Bg2 Bb7 9. g5 Nfd7 10. f4 h6 11. g6 Qh4+ 12. Kf1 fxg6 13. Na5 Bc6 14. Be3 b4 15. Ne2 Nc5 16. Bxc5 dxc5 17. Nxc6 Nxc6 18. e5 Rc8 19. Qd3 Ne7 20. Rd1 Kf7 21. Qd7 Kg8 22. Qxe6+ Kh7 23. Be4 Rg8 24. Rd3 Rh8 1-0

[Event "New York Fall GM-B"]
[Site "New York USA"]
[Date "2022.11.10"]
[Round "2.5"]
[White "Vettese, Nicholas"]
[Black "Mandizha, Farai"]
[Result "0-1"]
[WhiteElo "2310"]
[BlackElo "2359"]
[PlyCount "96"]
[GameId "2130307567907689"]
[EventDate "2022.11.09"]
[EventType "tourn"]
[EventRounds "9"]
[EventCountry "USA"]
[EventCategory "6"]
[SourceTitle "10 Days #705"]
[Source "ChessMix"]
[SourceDate "2022.11.20"]
[SourceVersion "1"]
[SourceVersionDate "2022.11.20"]
[SourceQuality "1"]

1. e4 c5 2. Nf3 Nc6 3. d4 cxd4 4. Nxd4 Nf6 5. Nc3 e5 6. Ndb5 d6 7. Bg5 a6 8. Na3 b5 9. Nd5 Be7 10. Bxf6 Bxf6 11. c3 O-O 12. h4 g6 13. h5 Bg5 14. g3 Ne7 15. hxg6 hxg6 16. f4 Nxd5 17. Qxd5 exf4 18. Qxa8 fxg3 19. Qd5 Be3 20. Bg2 Qf6 21. Rf1 Bf2+ 22. Kd2 b4 23. Nb1 Be6 24. Qd3 Qe5 25. Kc2 Rc8 26. Rd1 d5 27. Nd2 bxc3 28. bxc3 d4 29. Nf3 Qa5 30. Nxd4 Bc4 31. Qd2 Rd8 32. a4 Qc5 33. Qf4 Rc8 34. Rab1 Ba2 35. Ne2 Bxb1+ 36. Rxb1 Qc4 37. Qg4 Qxa4+ 38. Rb3 Rb8 39. Nc1 Rxb3 40. Qc8+ Kg7 41. Nxb3 Qa2+ 42. Kd3 Qxb3 43. Bf3 Qb1+ 44. Kd2 a5 45. Qe8 Be1+ 46. Ke3 Qc1+ 47. Kd4 Qxc3+ 48. Kd5 Qxf3 0-1

[Event "New York Fall GM-B"]
[Site "New York USA"]
[Date "2022.11.10"]
[Round "3.2"]
[White "Jacobson, Aaron"]
[Black "Vettese, Nicholas"]
[Result "0-1"]
[WhiteElo "2351"]
[BlackElo "2310"]
[PlyCount "92"]
[GameId "2130307567907691"]
[EventDate "2022.11.09"]
[EventType "tourn"]
[EventRounds "9"]
[EventCountry "USA"]
[EventCategory "6"]
[SourceTitle "10 Days #705"]
[Source "ChessMix"]
[SourceDate "2022.11.20"]
[SourceVersion "1"]
[SourceVersionDate "2022.11.20"]
[SourceQuality "1"]

1. c4 e6 2. Nf3 d5 3. e3 Nf6 4. Nc3 c6 5. b3 Nbd7 6. Bb2 Bd6 7. Qc2 O-O 8. Rg1 e5 9. cxd5 cxd5 10. Nb5 Bb8 11. Rc1 e4 12. Nfd4 Bxh2 13. Rh1 Be5 14. f4 exf3 15. gxf3 a6 16. Nc7 Qxc7 17. Qxc7 Bxc7 18. Rxc7 Rd8 19. Nf5 Ne8 20. Nh6+ Kh8 21. Rc1 Nd6 22. Ba3 Ne5 23. f4 Nf3+ 24. Kf2 Nxd2 25. Bxd6 Ne4+ 26. Kf3 Nxd6 27. Ng4 Bf5 28. Nf2 Re8 29. Rd1 Bd7 30. Nd3 Rac8 31. Ne5 Be6 32. Bd3 g6 33. Rh2 Kg7 34. Rdh1 Rh8 35. Rd1 Rc3 36. Ke2 f6 37. Kd2 Rhc8 38. Nf3 Bg4 39. Ke2 Ne4 40. Rg1 Bxf3+ 41. Kxf3 Rxd3 42. Rgh1 h5 43. f5 Rcc3 44. Re1 Ng5+ 45. Kf4 d4 46. fxg6 Kxg6 0-1

[Event "New York Fall GM-B"]
[Site "New York USA"]
[Date "2022.11.11"]
[Round "4.4"]
[White "Vettese, Nicholas"]
[Black "Adewumi, Tanitoluwa"]
[Result "0-1"]
[WhiteElo "2310"]
[BlackElo "2262"]
[PlyCount "134"]
[GameId "2130307567911794"]
[EventDate "2022.11.09"]
[EventType "tourn"]
[EventRounds "9"]
[EventCountry "USA"]
[EventCategory "6"]
[SourceTitle "10 Days #705"]
[Source "ChessMix"]
[SourceDate "2022.11.20"]
[SourceVersion "1"]
[SourceVersionDate "2022.11.20"]
[SourceQuality "1"]

1. e4 c5 2. Nf3 e6 3. d4 cxd4 4. Nxd4 Nc6 5. Nc3 Qc7 6. Be3 a6 7. a3 b5 8. Nxc6 dxc6 9. Qg4 e5 10. Qg3 Nf6 11. Be2 Be7 12. f4 h5 13. fxe5 Ng4 14. Bd4 h4 15. Qf4 g5 16. Qd2 Nxe5 17. Qe3 Rg8 18. O-O Be6 19. Nd5 cxd5 20. exd5 O-O-O 21. Bb6 Rxd5 22. Bxc7 Bc5 23. Qxc5 Rxc5 24. Bd6 Rd5 25. Bb4 g4 26. Rf4 Nc6 27. a4 Kb7 28. axb5 axb5 29. Be1 h3 30. gxh3 gxh3+ 31. Bg3 Rd2 32. Bd3 Bd5 33. Be4 Rd4 34. Bxd5 Rxf4 35. Re1 Rd4 36. Bxf7 Rh8 37. Bg6 Rd2 38. Be4 Rg8 39. Rf1 Re8 40. Rf7+ Kb6 41. Bf5 Nd4 42. Bxh3 Ne2+ 43. Kf1 Nxg3+ 44. hxg3 Rh8 45. Bg2 Rxc2 46. b3 Rh2 47. Rf2 Rc1+ 48. Ke2 Rc2+ 49. Kf1 Rc1+ 50. Ke2 Rc3 51. g4 Rxb3 52. Kf1 Rb1+ 53. Ke2 b4 54. g5 Rb3 55. g6 Rg3 56. Be4 Rh4 57. Rf6+ Kc5 58. Kf2 Rg5 59. Ke3 Rg3+ 60. Kf2 Rgg4 61. Bf5 Rg5 62. Kf3 b3 63. Bb1 Rh1 64. Rf5+ Rxf5+ 65. Bxf5 Rf1+ 66. Kg4 Rxf5 67. g7 Rf1 0-1

[Event "New York Fall GM-B"]
[Site "New York USA"]
[Date "2022.11.11"]
[Round "5.3"]
[White "Oberoi, Shelev"]
[Black "Vettese, Nicholas"]
[Result "1-0"]
[WhiteElo "2328"]
[BlackElo "2310"]
[PlyCount "53"]
[GameId "2130307567911798"]
[EventDate "2022.11.09"]
[EventType "tourn"]
[EventRounds "9"]
[EventCountry "USA"]
[EventCategory "6"]
[SourceTitle "10 Days #705"]
[Source "ChessMix"]
[SourceDate "2022.11.20"]
[SourceVersion "1"]
[SourceVersionDate "2022.11.20"]
[SourceQuality "1"]

1. e4 c5 2. Nf3 d6 3. Bc4 Nf6 4. d3 Nc6 5. O-O g6 6. Bb5 Bg7 7. e5 Nd5 8. Bxc6+ bxc6 9. Re1 O-O 10. h3 Qc7 11. c4 Nb6 12. Bf4 h6 13. d4 Rd8 14. Qc1 g5 15. Bg3 cxd4 16. exd6 exd6 17. c5 Nd5 18. Bxd6 Qb7 19. Qd2 Qb4 20. a3 Qa4 21. Be5 Bxe5 22. Rxe5 Nf4 23. Nc3 Qa5 24. Nxd4 f6 25. b4 Qa6 26. Re4 Ne6 27. Qa2 1-0

[Event "New York Fall GM-B"]
[Site "New York USA"]
[Date "2022.11.12"]
[Round "6.3"]
[White "Vettese, Nicholas"]
[Black "Paragua, Mark"]
[Result "0-1"]
[WhiteElo "2310"]
[BlackElo "2466"]
[PlyCount "96"]
[GameId "2130307567911803"]
[EventDate "2022.11.09"]
[EventType "tourn"]
[EventRounds "9"]
[EventCountry "USA"]
[EventCategory "6"]
[SourceTitle "10 Days #705"]
[Source "ChessMix"]
[SourceDate "2022.11.20"]
[SourceVersion "1"]
[SourceVersionDate "2022.11.20"]
[SourceQuality "1"]

1. e4 c5 2. Nf3 e6 3. d4 cxd4 4. Nxd4 Nc6 5. Nc3 Qc7 6. Be3 a6 7. Qf3 Nf6 8. O-O-O Ne5 9. Qg3 b5 10. f4 Neg4 11. Bg1 b4 12. Na4 h5 13. e5 Nd5 14. h3 Nh6 15. f5 Bb7 16. Bd3 h4 17. Qe1 Rc8 18. Kb1 Nf4 19. fxe6 dxe6 20. Be4 Nxg2 21. Qe2 Nf4 22. Qf3 Bxe4 23. Qxe4 Nd5 24. Rc1 Qd7 25. c4 bxc3 26. Nxc3 Be7 27. Be3 Nxc3+ 28. Rxc3 Rxc3 29. bxc3 O-O 30. Bxh6 gxh6 31. Rg1+ Kh8 32. Qf4 Bg5 33. Rxg5 hxg5 34. Qxg5 Qb7+ 35. Kc1 Rb8 36. Qxh4+ Kg8 37. Qg5+ Kf8 38. Kd2 Qb2+ 39. Nc2 Rc8 40. c4 Qxa2 41. Qh6+ Ke8 42. Qh8+ Kd7 43. Qg7 Qxc4 44. Qxf7+ Kc6 45. Qf3+ Kb6 46. Qe3+ Kb7 47. Nd4 Rd8 48. Qe4+ Rd5 0-1

[Event "New York Fall GM-B"]
[Site "New York USA"]
[Date "2022.11.12"]
[Round "7.4"]
[White "Khamrakulov, Djurabek"]
[Black "Vettese, Nicholas"]
[Result "1-0"]
[WhiteElo "2490"]
[BlackElo "2310"]
[PlyCount "51"]
[GameId "2130307567911809"]
[EventDate "2022.11.09"]
[EventType "tourn"]
[EventRounds "9"]
[EventCountry "USA"]
[EventCategory "6"]
[SourceTitle "10 Days #705"]
[Source "ChessMix"]
[SourceDate "2022.11.20"]
[SourceVersion "1"]
[SourceVersionDate "2022.11.20"]
[SourceQuality "1"]

1. e4 c5 2. c3 Nf6 3. e5 Nd5 4. Nf3 d6 5. Bc4 Nb6 6. Bb3 c4 7. Bc2 dxe5 8. Nxe5 Qd5 9. Qe2 Qxg2 10. Be4 Qg5 11. Nxc4 Nxc4 12. Qxc4 Nd7 13. Na3 Nf6 14. d3 Qe5 15. Bf4 Qe6 16. Qxe6 Bxe6 17. Bxb7 Rd8 18. Nb5 Rxd3 19. Nc7+ Kd7 20. Nxe6 Kxe6 21. Bc8+ Kd5 22. Ke2 Ke4 23. Bg3 e6 24. Bb7+ Nd5 25. c4 Bb4 26. Rad1 1-0

[Event "New York Fall GM-B"]
[Site "New York USA"]
[Date "2022.11.13"]
[Round "8.2"]
[White "Vettese, Nicholas"]
[Black "Stearman, Josiah"]
[Result "1-0"]
[WhiteElo "2310"]
[BlackElo "2377"]
[PlyCount "85"]
[GameId "2130307567911812"]
[EventDate "2022.11.09"]
[EventType "tourn"]
[EventRounds "9"]
[EventCountry "USA"]
[EventCategory "6"]
[SourceTitle "10 Days #705"]
[Source "ChessMix"]
[SourceDate "2022.11.20"]
[SourceVersion "1"]
[SourceVersionDate "2022.11.20"]
[SourceQuality "1"]

1. e4 c5 2. Nf3 d6 3. d4 cxd4 4. Nxd4 Nf6 5. Nc3 Nc6 6. Nb3 a6 7. Be3 e6 8. g4 b5 9. Bg2 Bb7 10. g5 Nd7 11. Qe2 Nce5 12. f4 Nc4 13. a4 Nxe3 14. Qxe3 h6 15. axb5 hxg5 16. f5 e5 17. O-O a5 18. b6 Nxb6 19. Nxa5 Ba6 20. Rfd1 g4 21. Nd5 Nxd5 22. exd5 Be7 23. Nc6 Bg5 24. Qb3 Qc7 25. Ra4 g3 26. Qxg3 Qb6+ 27. Kh1 f6 28. Rda1 Kf7 29. Qb3 Qf2 30. h3 Rh6 31. Nb4 Bc4 32. Rxa8 Bxb3 33. R1a7+ Qxa7 34. Rxa7+ Kg8 35. cxb3 Rh4 36. Nc6 Rf4 37. Kg1 Kh7 38. Ra4 e4 39. Rxe4 Rxf5 40. Ne7 Re5 41. Rxe5 fxe5 42. Be4+ g6 43. Nc6 1-0

[Event "New York Fall GM-B"]
[Site "New York USA"]
[Date "2022.11.13"]
[Round "9.5"]
[White "Javakhadze, Zurab"]
[Black "Vettese, Nicholas"]
[Result "0-1"]
[WhiteElo "2481"]
[BlackElo "2310"]
[PlyCount "110"]
[GameId "2130307567911820"]
[EventDate "2022.11.09"]
[EventType "tourn"]
[EventRounds "9"]
[EventCountry "USA"]
[EventCategory "6"]
[SourceTitle "10 Days #705"]
[Source "ChessMix"]
[SourceDate "2022.11.20"]
[SourceVersion "1"]
[SourceVersionDate "2022.11.20"]
[SourceQuality "1"]

1. c4 c6 2. Nf3 d5 3. g3 Nf6 4. Bg2 Bf5 5. O-O e6 6. d3 dxc4 7. dxc4 Na6 8. Nc3 Qxd1 9. Rxd1 Bb4 10. Bd2 Ne4 11. Nxe4 Bxe4 12. Bxb4 Nxb4 13. a3 Na6 14. b4 Rf8 15. Ng5 Bxg2 16. Kxg2 h6 17. Ne4 Ke7 18. b5 cxb5 19. cxb5 Nc7 20. Nc5 Rfd8 21. Rxd8 Rxd8 22. Nxb7 Rb8 23. Na5 Rxb5 24. Nc6+ Kd7 25. a4 Rb7 26. Ne5+ Ke8 27. Rc1 f6 28. Nd3 Ke7 29. h4 e5 30. h5 Ne6 31. Rc4 Kd6 32. f4 Kd5 33. Rc8 e4 34. Nf2 Rb2 35. f5 Nc5 36. Kf1 Rb1+ 37. Kg2 Re1 38. Rd8+ Kc4 39. Rd2 e3 40. Rc2+ Kd4 41. Nh3 Nxa4 42. Ng1 Ra1 43. Rc7 a5 44. Rxg7 Nc3 45. Rg6 a4 46. Rxf6 a3 47. Ra6 a2 48. f6 Rb1 49. Nh3 a1=Q 50. Rxa1 Rxa1 51. f7 Ra8 52. Nf4 Nxe2 53. Ne6+ Kd3 54. f8=Q Rxf8 55. Nxf8 Nf4+ 0-1

[Event "Francophonie-Tch rapid Online"]
[Site "Tornelo"]
[Date "2022.06.04"]
[Round "2.5"]
[White "Vettese, Nicholas"]
[Black "Constantinou, Samuel Johannes"]
[Result "1-0"]
[WhiteElo "2231"]
[BlackElo "1751"]
[PlyCount "67"]
[GameId "2129404721372418"]
[EventDate "2022.06.04"]
[EventType "team"]
[EventRounds "11"]
[EventCountry "NET"]
[WhiteTeam "Kanada"]
[BlackTeam "Zypern"]
[WhiteTeamCountry "CAN"]
[BlackTeamCountry "CYP"]

1. e4 d6 2. d4 Nf6 3. Nc3 g6 4. f4 Bg7 5. Bd3 O-O 6. Nf3 Bg4 7. O-O Nfd7 8. Be3 c5 9. d5 a6 10. a4 e6 11. dxe6 fxe6 12. Bc4 Qe7 13. h3 Bxf3 14. Rxf3 Kh8 15. h4 Nc6 16. Rh3 Nf6 17. Be2 Nd4 18. e5 dxe5 19. fxe5 Nxe2+ 20. Qxe2 Nd5 21. h5 Nxe3 22. Qxe3 gxh5 23. Rxh5 Rf5 24. Rxf5 exf5 25. Re1 Re8 26. Qf2 Bxe5 27. Kf1 f4 28. Nd5 Qd6 29. c4 Rf8 30. Qf3 Bxb2 31. Re7 Qh6 32. Ke2 Bd4 33. Qe4 Qh5+ 34. Qf3 {Black Loss on Time} 1-0